| 000 | 00640nam a22001577a 4500 | ||
|---|---|---|---|
| 003 | OSt | ||
| 005 | 20151208141339.0 | ||
| 008 | 151208b xxu||||| |||| 00| 0 eng d | ||
| 040 | _cRUA | ||
| 082 | _aATM សួស 1994 B191 Or.1 | ||
| 100 |
_94529 _aសួស ចំណាន |
||
| 245 | _aសិក្សាឧបករណ៍និងបច្ចេកទេសប្រើប្រាស់ក្នុងការផ្ដល់ទឹកសំរាប់ដំណំាចំការដោយប្រើកំលាំងមនុស្ស | ||
| 260 |
_aPhnom Penh _bRUA _c1994 |
||
| 300 |
_a44p. _bill. _c29cm. |
||
| 942 |
_2ddc _cATM |
||
| 999 |
_c4219 _d4219 |
||